Campeones de Roland Garros - Estadísticas

Estadísticas generales
  • Esta prueba ha sido intentada 123 veces
    23 desde el último reinicio
  • La puntuación promedio es 35 de 95
Estadísticas de respuestas
Año Vencedor % Correcto
2024 Carlos Alcaraz
100%
2025 Carlos Alcaraz
100%
2005 Rafael Nadal
100%
2006 Rafael Nadal
100%
2007 Rafael Nadal
100%
2008 Rafael Nadal
100%
2010 Rafael Nadal
100%
2011 Rafael Nadal
100%
2012 Rafael Nadal
100%
2013 Rafael Nadal
100%
2014 Rafael Nadal
100%
2017 Rafael Nadal
100%
2018 Rafael Nadal
100%
2019 Rafael Nadal
100%
2020 Rafael Nadal
100%
2016 Novak Djokovic
96%
2021 Novak Djokovic
96%
2023 Novak Djokovic
96%
2022 Rafael Nadal
96%
2009 Roger Federer
96%
2015 Stanislas Wawrinka
83%
1974 Björn Borg
65%
1975 Björn Borg
65%
1978 Björn Borg
65%
1979 Björn Borg
65%
1980 Björn Borg
65%
1981 Björn Borg
65%
1999 Andre Agassi
61%
2003 Juan Carlos Ferrero
61%
1998 Carlos Moyà
48%
1984 Ivan Lendl
43%
1986 Ivan Lendl
43%
1987 Ivan Lendl
43%
1997 Gustavo Kuerten
35%
2000 Gustavo Kuerten
35%
2001 Gustavo Kuerten
35%
1961 Manuel Santana
35%
1964 Manuel Santana
35%
1989 Michael Chang
35%
1962 Rod Laver
35%
1969 Rod Laver
35%
2002 Albert Costa
30%
2004 Gastón Gaudio
30%
1982 Mats Wilander
30%
1985 Mats Wilander
30%
1988 Mats Wilander
30%
1977 Guillermo Vilas
22%
1973 Illie Năstase
22%
1991 Jim Courier
22%
1992 Jim Courier
22%
1925 René Lacoste
22%
1927 René Lacoste
22%
1929 René Lacoste
22%
1993 Sergi Bruguera
22%
1994 Sergi Bruguera
22%
1990 Andrés Gómez
17%
1995 Thomas Muster
17%
1983 Yannick Noah
17%
1972 Andrés Gimeno
13%
1996 Yevgueni Káfelnikov
9%
1935 Fred Perry
4%
1976 Adriano Panatta
0%
1950 Budge Patty
0%
1938 Don Budge
0%
1939 Don McNeill
0%
1948 Frank Parker
0%
1949 Frank Parker
0%
1965 Fred Stolle
0%
1934 Gottfried von Cramm
0%
1936 Gottfried von Cramm
0%
1937 Henner Henkel
0%
1926 Henri Cochet
0%
1928 Henri Cochet
0%
1930 Henri Cochet
0%
1932 Henri Cochet
0%
1933 Jack Crawford
0%
1970 Jan Kodeš
0%
1971 Jan Kodes
0%
1951 Jaroslav Drobný
0%
1952 Jaroslav Drobný
0%
1931 Jean Borotra
0%
1947 Jozsef Asboth
0%
1953 Ken Rosewall
0%
1968 Ken Rosewall
0%
1956 Lew Hoad
0%
1946 Marcel Bernard
0%
1958 Mervyn Rose
0%
1959 Nicola Pietrangeli
0%
1960 Nicola Pietrangeli
0%
1963 Roy Emerson
0%
1967 Roy Emerson
0%
1957 Sven Davidson
0%
1966 Tony Roche
0%
1954 Tony Trabert
0%
1955 Tony Trabert
0%
No se encontraron pruebas coincidentes
Distribución de puntuación
Porcentaje de gente con cada puntuación
Porcentaje por número respondido
Historial de tus puntuaciones
No has intentado esta prueba desde el último reinicio